| 000 | 00599nam a2200205Ia 4500 | ||
|---|---|---|---|
| 003 | OSt | ||
| 005 | 20250909121942.0 | ||
| 008 | 221004b |||||||| |||| 00| 0 eng d | ||
| 037 | _cTB | ||
| 040 |
_aCRL _cCRL _beng |
||
| 041 |
_2eng _aeng |
||
| 084 |
_aZ1,91 N1 _qCRL |
||
| 100 |
_aSingh J. N. _9820620 |
||
| 245 | 0 |
_aInternational justice _b Jurisprudence of the world courts (PCI and ICJ). |
|
| 260 |
_aNew Delhi _bHarnam India _c1991 |
||
| 300 |
_a258p. _ccm. |
||
| 650 |
_aINTERNATIONAL LAW _9820621 |
||
| 942 |
_hZ1,91 N1 _cTB _2cc _n0 |
||
| 999 |
_c980991 _d980991 |
||